<?xml version="1.0" encoding="UTF-8"?>
<record
    xmlns:xsi="http://www.w3.org/2001/XMLSchema-instance"
    xsi:schemaLocation="http://www.loc.gov/MARC21/slim http://www.loc.gov/standards/marcxml/schema/MARC21slim.xsd"
    xmlns="http://www.loc.gov/MARC21/slim">

  <leader>02902cam a2200349 i 4500</leader>
  <controlfield tag="001">17676560</controlfield>
  <controlfield tag="003">OSt</controlfield>
  <controlfield tag="005">20220203160050.0</controlfield>
  <controlfield tag="008">130328s2014    maua          001 0 eng  </controlfield>
  <datafield tag="020" ind1=" " ind2=" ">
    <subfield code="a">9780273789994</subfield>
  </datafield>
  <datafield tag="020" ind1=" " ind2=" ">
    <subfield code="a">0273789996</subfield>
  </datafield>
  <datafield tag="040" ind1=" " ind2=" ">
    <subfield code="a">DLC</subfield>
    <subfield code="b">eng</subfield>
    <subfield code="c">LC</subfield>
    <subfield code="e">rda</subfield>
    <subfield code="d">DLC</subfield>
  </datafield>
  <datafield tag="042" ind1=" " ind2=" ">
    <subfield code="a">pcc</subfield>
  </datafield>
  <datafield tag="050" ind1="0" ind2="0">
    <subfield code="a">HB171.5.C31</subfield>
  </datafield>
  <datafield tag="082" ind1="0" ind2="0">
    <subfield code="a">330</subfield>
    <subfield code="2">23</subfield>
  </datafield>
  <datafield tag="100" ind1="1" ind2=" ">
    <subfield code="a">Case, Karl E.</subfield>
  </datafield>
  <datafield tag="245" ind1="1" ind2="0">
    <subfield code="a">Principles of economics. /</subfield>
    <subfield code="c">Karl E. Case, Ray C. Fair and Sharon M. Oster.</subfield>
  </datafield>
  <datafield tag="250" ind1=" " ind2=" ">
    <subfield code="a">11th ed.</subfield>
  </datafield>
  <datafield tag="264" ind1=" " ind2="1">
    <subfield code="a">Boston:</subfield>
    <subfield code="b">Pearson,</subfield>
    <subfield code="c">2014.</subfield>
  </datafield>
  <datafield tag="300" ind1=" " ind2=" ">
    <subfield code="a">xxxii, 815 p. :</subfield>
    <subfield code="b">illustrations ;</subfield>
    <subfield code="c">29 cm</subfield>
  </datafield>
  <datafield tag="336" ind1=" " ind2=" ">
    <subfield code="a">text</subfield>
    <subfield code="2">rdacontent</subfield>
  </datafield>
  <datafield tag="337" ind1=" " ind2=" ">
    <subfield code="a">unmediated</subfield>
    <subfield code="2">rdamedia</subfield>
  </datafield>
  <datafield tag="338" ind1=" " ind2=" ">
    <subfield code="a">volume</subfield>
    <subfield code="2">rdacarrier</subfield>
  </datafield>
  <datafield tag="500" ind1=" " ind2=" ">
    <subfield code="a">Includes index.</subfield>
  </datafield>
  <datafield tag="505" ind1=" " ind2=" ">
    <subfield code="a">Contents: Introduction To Economics: The Scope and Method of Economics -- The Economic Problem: Scarcity and Choice -- Demand, Supply, and Market Equilibrium -- Demand and Supply Applications -- Elasticity -- The market system: choices made by households and firms: Household behavior and consumer choice -- The Production process: the behavior of profit-maximizing firms -- Short-run costs and output decisions -- Long-run costs and output decisions -- Input demand: The labor and land markets -- Input demand: The capital market and the investment decision -- General equilibrium and the efficiency of perfect competition -- Market Imperfections and the Role of Government: Monopoly and Antitrust Policy -- Oligopoly -- Monopolistic Competition -- Externalities, public goods, and common resources -- Uncertainty and asymmetric information -- Income distribution and poverty -- Public finance: The Economics of taxation -- Concepts and Problems in Macroeconomics: Introduction to Macroeconomics -- Measuring national output and national income -- Unemployment, Inflation, and Long-run growth -- The Core of macroeconomic theory:  Aggregate Expenditure and Equilibrium Output -- The Government and fiscal policy -- The money supply and the federal reserve system -- The Determination of aggregate output, the price level, and the interest rate -- Policy effects and cost shocks in the AS/AD Model -- The labor market in the macroeconomy -- Further macroeconomics Issues: financial crises, stabilization, and deficits -- Household and firm behavior in the macroeconomy: a further Look -- Long-run growth -- Alternative views in macroeconomics -- The world economy: International trade, comparative advantage and protectionism -- Open-economy macro economics: the balance of payments and exchange rates -- Economic growth in developing and transitional economies --</subfield>
  </datafield>
  <datafield tag="650" ind1=" " ind2="0">
    <subfield code="a">Economics.</subfield>
  </datafield>
  <datafield tag="700" ind1="1" ind2=" ">
    <subfield code="a">Fair, Ray C.</subfield>
  </datafield>
  <datafield tag="700" ind1="1" ind2=" ">
    <subfield code="a">Oster, Sharon M.</subfield>
  </datafield>
  <datafield tag="906" ind1=" " ind2=" ">
    <subfield code="a">7</subfield>
    <subfield code="b">cbc</subfield>
    <subfield code="c">orignew</subfield>
    <subfield code="d">1</subfield>
    <subfield code="e">ecip</subfield>
    <subfield code="f">20</subfield>
    <subfield code="g">y-gencatlg</subfield>
  </datafield>
  <datafield tag="942" ind1=" " ind2=" ">
    <subfield code="2">lcc</subfield>
    <subfield code="c">BK</subfield>
  </datafield>
  <datafield tag="999" ind1=" " ind2=" ">
    <subfield code="c">8614</subfield>
    <subfield code="d">16114</subfield>
  </datafield>
  <datafield tag="952" ind1=" " ind2=" ">
    <subfield code="0">0</subfield>
    <subfield code="1">0</subfield>
    <subfield code="2">lcc</subfield>
    <subfield code="4">0</subfield>
    <subfield code="7">0</subfield>
    <subfield code="a">WIUC-KL</subfield>
    <subfield code="b">WIUC-KL</subfield>
    <subfield code="c">GEN</subfield>
    <subfield code="d">2019-10-23</subfield>
    <subfield code="e">STM</subfield>
    <subfield code="l">0</subfield>
    <subfield code="o">HB171.5.C31(11e)</subfield>
    <subfield code="p">K/279/279/19</subfield>
    <subfield code="r">2022-02-03 00:00:00</subfield>
    <subfield code="w">2022-02-03</subfield>
    <subfield code="y">BK</subfield>
  </datafield>
</record>
